000 01392nam a22002657a 4500
005 20230411105736.0
008 s2554 th tha d
020 _a9789740327813
041 _atha
050 _aHQ663 ว577 2554
100 0 _aอรรถยา สุวรรณระดา, ผู้แปล
245 1 0 _aวิถีครอบครัวชาวเอเชียในศตวรรษที่ 21
260 3 _aกรุงเทพฯ :
_bสำนักพิมพ์แห่งจุฬาลงกรณ์มหาวิทยาลัย,
_c2554
300 _a289 หน้า :
_b ภาพประกอบ ;
_c 21 ซม.
650 0 4 _aเอเชีย -- ความเป็นอยู่และประเพณี
650 0 4 _aครอบครัว -- เอเชีย
650 0 4 _aความสัมพันธ์ในครอบครัว -- เอเชีย
650 0 4 _aผู้สูงอายุ -- ความสัมพันธ์ในครอบครัว
650 0 4 _aการสมรสข้ามวัฒนธรรม
850 _aNALT
942 _cGB
_01
997 _a39227 ฉ.1 / 39228 ฉ.2
997 _c000000000064043
998 _aนางสาวจำเรียง ประสงค์ดี
_j111
_k นางสาวพจพิณ พรมเอี่ยม
999 _c64043
_d64043